Do vašej pozornosti (z ponuky vydavateľstva Knižné centrum)

Bibliographic Details
Main Author: Cabadaj, Peter, 1966- (Author)
Format: Article
Language:Slovak
PhysicalDescription:Fotogr.
ISSN:1335-7026
Subjects:
Online Access:http://www.snk.sk/images/snk/NBU/Kniznica/7_8_2002/370.pdf

MARC

LEADER 00000nab a2200000 a 4500
001 vtls010319254
003 SK-MaSNL
005 20260304162423.0
008 250507|2002 xo |r||||||||||00 b|slo
015 |a SNBRB2011/09  |2 snkbucl 
035 |a (uuid)e05eb8b8-d265-411e-b19a-5635d1720762 
035 |a urn:nbn:sk:snk-abc79h 
035 |a (urnnbn)urn:nbn:sk:snk:ar-000q6z 
038 |a SNKBUCL 
040 |a SNKBUCL  |b slo  |c SNKBUCL  |e AACR2 
041 0 |a slo 
044 |a xo  |c SK 
080 |a 94(100)  |2 2001 
100 1 |a Cabadaj, Peter,  |d 1966-  |4 aut  |9 98153 
245 1 0 |a Do vašej pozornosti  |b (z ponuky vydavateľstva Knižné centrum)  |c Peter Cabadaj 
246 3 3 |a Emil Rusznák - Malý lexikón svetových dejín 
300 |b Fotogr. 
650 0 7 |a lexikóny  |2 snkbucl  |9 284067 
650 0 7 |a svetové dejiny  |2 snkbucl  |9 4037 
655 7 |a recenzie  |2 snkbucl  |9 21907 
773 0 |t Knižnica  |g Roč. 3, č. 7-8 (2002), s. 370-371  |x 1335-7026 
787 0 8 |i Rec.:  |a Rusznák, Emil  |t Malý lexikón svetových dejín  |d Žilina : Knižné centrum, 2001  |z 8080641196 
850 |a Slovenská národná knižnica 
852 |a Slovenská národná knižnica 
856 4 1 |u http://www.snk.sk/images/snk/NBU/Kniznica/7_8_2002/370.pdf 
954 |a odborná, vedecká literatúra pôvodná (slovenská)  |2 lita 
958 |a article15 
958 |a OND 
958 |a RC 
958 |a EUIPO 
999 |c 2974151  |d 2976081